000 00593nam a2200217 i 4500
001 bgj
100 1 _aDZIERŻAWSKA, Ewa
245 1 0 _aBingo! :
_btesty : część 6 /
_cEwa Dzierżawska.
260 _aWarszawa :
_bWydawnictwo Szkolne PWN,
_c2000.
300 _a52 pp :
_bill. ;
_c29 cm.
650 9 _aEnglish language
650 9 _aEnglish language
655 _aTextbooks for foreigners
655 _aExaminations, questions, etc.
020 _a8371953291
040 _cBPK
041 0 _aeng
920 _a83-7195-329-1
942 _cKS
008 s uk f |000 0 eng
999 _c48933
_d48933
856 _uhttp://koha.tu.koszalin.pl/cgi-bin/koha/opac-detail.pl?biblionumber=48933
_yKatalog online BPK